000 01142nam a22003017a 4500
001 04019
003 HDC
007 cr bn ---aaaaa
008 210114t2009 flu||||| |||| 00| 0 eng
020 _a978-1-4200-7753-7
040 _aHDC
100 _aErbach, Donald C.
_eauthor
_94024
245 0 _aAdequate Food for All: Culture, Science, and Technology of Food in the 21st Century. Chapter 17 :
_bBioenergy: Energy Sources and Costs for Agriculture / by
_cDonald C. Erbach and Wallace W. Wilhelm
260 _a Boca Raton, Florida:
_bCRC Press,
_c2009
300 _a19 pages
336 _atext
_2rdacontent
337 _acomputer
_2rdamedia
338 _aonline resource
_2rdacarrier
500 _aIncludes bibliographical references
650 _aAdequate Food
_93951
650 _aCosts for Agriculture
_94026
650 _aEnergy Sources
_94025
700 _aWilhelm, Wallace W.
_eauthor
_94027
856 _zRequest full-text at [email protected]
942 _2lcc
942 _cCHAP
942 _kEBCH 001775
999 _c1344
_d1344